000 00710nam a2200241Ia 4500
003 OSt
005 20220928105119.0
006 a|||||r|||| 00| 0
007 ta
008 220927b |||||||| |||| 00| 0 eng d
024 _a30971
037 _cTextual
040 _aSDCL
_cSDCL
_beng
041 _2eng
_aeng
082 _aO15,7D959,1:g(Y), K7
100 _aJain Gokulchandra
_9413858
245 0 _aYashastilak ka sanskritik adhyayan.
260 _aAmritsar
_bSohanlal Jaindharm Pracharak Samiti
_c1967
300 _a333,58p.
_ccm.
490 _aParshavnath vidyashram granthamala 10.
942 _hO15,7D959,1:g(Y), K7
_cTEXL
_2CC
999 _c729672
_d729672